| 000 | 01321cam a22003013a 4500 | ||
|---|---|---|---|
| 001 | 1163 | ||
| 005 | 20230825153200.0 | ||
| 008 | 060227s2006 nyua j 000 1 eng d | ||
| 020 | _a9780375832635 | ||
| 040 |
_aIMF _cIMF _dDLC _beng |
||
| 050 | 0 | 0 | _aPZ7.S343 |
| 082 | _aFic | ||
| 100 | 1 | _aShealy, Dennis | |
| 245 | 1 | 0 |
_aI'm a truck / _cby Dennis Shealy ; illustrated by Bob Staake. |
| 246 | 3 | 0 | _aI am a truck |
| 260 |
_aNew York, NY : _bRandom House _c2006. |
||
| 300 |
_a23 unnumbered pages: _bcolor illustrations; _c21 cm |
||
| 490 | _aA little golden book | ||
| 500 | _aA Little Golden book." | ||
| 505 | _aF | ||
| 520 | _aHow-dee! My name's Big Blue Bill, and I'm a truck. I've got 18 big wheels turning, 600 horses under the hood, and 53 feet o' trailer hangin' on behind ... So begins a book that introduces all types of trucks (with names such as Bony Tony and Leif the Logging Truck), narrated by a good ol' boy semi-truck! Lively text and bold, colorful artwork of hip, anthropomorphic trucks will transport young readers down highways, into a truck stop, and onto a construction site. | ||
| 521 |
_a300
_bLexile |
||
| 521 |
_aF
_bRaz-Plus |
||
| 650 | 1 |
_aTrucks _vFiction. |
|
| 700 | 1 |
_aStaake, Bob, _d1957- |
|
| 906 |
_a7 _bcbc _ccopycat _d2 _eepcn _f20 _gy-gencatlg |
||
| 942 |
_2ddc _cBK _n0 |
||
| 999 |
_c1163 _d1163 |
||